000 00449nam a2200181Ia 4500
001 1222
005 20260306140616.0
008 260306t1986||||xx |||||||||||||| ||spa||
041 _aESP
082 _a189.4
_bF41
100 _aFernández, Clemente
_eAUT
245 0 _aLos filósofos escolásticos de los siglos XVI y XVII
260 _c1986
300 _a1136 páginas :
_c20 cm.
650 _aGEN
654 _aCHU
942 _cLIB
_dJUS
_fJUS
_2ddc
_n
999 _c1222
_d1222